Mejoramiento de la gestión de Amanco Tubosistemas Costa Rica para la práctica de la excelencia operativa

Enregistré dans:
Détails bibliographiques
Auteur principal: Arias Benavides, Alonso
Autres auteurs: Mora Murillo, José Pablo, Palma Quirós, Rosángela
Format: Livre
Publié: [San José, Costa Rica] 2007
Sujets:
Tags: Ajouter un tag
Pas de tags, Soyez le premier à ajouter un tag!

MARC

LEADER 00000nam a2200000Ia 4500
003 009997
005 20221231144105.0
008 140114s2007 c a 000 ||s d
040 |c cru CEDI  
090 |a TFG 5525 
100 |a Arias Benavides, Alonso  |9 4672 
245 |a Mejoramiento de la gestión de Amanco Tubosistemas Costa Rica para la práctica de la excelencia operativa  
260 |c 2007  |b [San José, Costa Rica] 
300 |a 109, [91] hojas; ilustraciones a color 
500 |a Proyecto de graduación (licenciatura en ingeniería industrial)--Universidad de Costa Rica. Facultad de Ingeniería. Escuela de Ingeniería Industrial 
650 |x AMANCO DE COSTA RICA   |x ADMINISTRACION   |x  ADMINISTRACION DE LA PRODUCCION  |x  ADMINISTRACION INDUSTRIAL   |x INVESTIGACIONES   |9 4677 
700 |9 4674  |a Mora Murillo, José Pablo  
700 |9 4676  |a Palma Quirós, Rosángela  
942 |c BK 
999 |c 16735  |d 16735